Eclesiogénesis: las comunidades de base reinventan la iglesia

שמור ב:
מידע ביבליוגרפי
מחבר ראשי: Boff, Leonardo (Author)
פורמט: ספר
שפה:ספרדית
יצא לאור: Santander Sal Terrae 1984
מהדורה:4a. ed
סדרה:Presencia Teológica, 2
נושאים:
תגים: הוספת תג
אין תגיות, היה/י הראשונ/ה לתייג את הרשומה!

MARC

LEADER 00000nam a2200000 a 4500
001 UCR1998
003 CL-VaPUC
008 980109e19840000SP |||||||||||||||||spa|d
082 0 4 |a 261  |b BOF  |2 21 
100 0 |a Boff, Leonardo  |e author  |9 399533 
245 1 0 |a Eclesiogénesis: las comunidades de base reinventan la iglesia 
250 |a 4a. ed 
300 |a 136 p 
942 |c BK 
945 |d 19980109 00:00:00  |a jquezada 
260 |a Santander  |b Sal Terrae  |c 1984 
600 0 |a Jesús  |9 313614 
600 0 |a Iglesia católica  |9 255129 
650 0 |a Teología social  |9 326726 
650 0 |a Eclesiología   |9 366152 
650 7 |a COMUNIDAD RELIGIOSA  |2 CL-VaPUC  |9 399321 
650 7 |a ESTRUCTURA DE LA IGLESIA  |2 CL-VaPUC  |9 399534 
650 0 |a Escatología  |9 314395 
650 0 |a Sacerdocio  |9 319738 
650 0 |a Mujer  |9 255613 
583 |a last modification  |c 19980109 00:00:00  |k Rodrigo Vera 
490 0 |a Presencia Teológica, 2 
999 |c 265276  |d 265274 
952 |0 0  |1 0  |4 0  |6 261_000000000000000_BOF_1984  |7 0  |8 A  |9 296139  |a BIBTEO  |b BIBTEO  |d 2019-11-20  |i 3373363  |o 261 BOF 1984  |p 3373363  |r 2025-01-17  |w 2019-11-20  |y BK  |k ICR